Fiscal Monitor, April 2021 : A Fair Shot.

This report overviews countries fiscal actions in response to COVID-19 and discusses how governments policies should adapt to get ahead of the pandemic and set the stage for a greener, fairer, and more durable recovery. Global vaccination should be scaled up as it can save lives and will eventually...

Ful tanımlama

Detaylı Bibliyografya
Müşterek Yazar: International Monetary Fund
Materyal Türü: Dergi
Dil:English
Baskı/Yayın Bilgisi: Washington, D.C. : International Monetary Fund, 2021.
Seri Bilgileri:Fiscal Monitor
Konular:
Online Erişim:Full text available on IMF
LEADER 02091cas a2200253 a 4500
001 AALejournalIMF021577
008 230101c9999 xx r poo 0 0eng d
020 |c 50.00 USD 
020 |z 9781513571553 
022 |a 2219-276X 
040 |a BD-DhAAL  |c BD-DhAAL 
110 2 |a International Monetary Fund. 
245 1 0 |a Fiscal Monitor, April 2021 :   |b A Fair Shot. 
264 1 |a Washington, D.C. :  |b International Monetary Fund,  |c 2021. 
300 |a 1 online resource (122 pages) 
490 1 |a Fiscal Monitor 
500 |a <strong>Off-Campus Access:</strong> No User ID or Password Required 
500 |a <strong>On-Campus Access:</strong> No User ID or Password Required 
506 |a Electronic access restricted to authorized BRAC University faculty, staff and students 
520 3 |a This report overviews countries fiscal actions in response to COVID-19 and discusses how governments policies should adapt to get ahead of the pandemic and set the stage for a greener, fairer, and more durable recovery. Global vaccination should be scaled up as it can save lives and will eventually pay for itself with stronger employment and economic activity. Until the pandemic is brought under control globally, fiscal policies must remain flexible and supportive, while keeping debt at a manageable level over the long term. Governments also need to adopt comprehensive policies, embedded in medium-term frameworks, to tackle inequalities-especially in access to basic public services-that were exacerbated by the COVID-19 pandemic and may cause income gaps to persist. Investing in education, healthcare and early childhood development and strengthening social safety nets financed through improved tax capacity and higher progressivity, can strengthen lifetime opportunities, improve trust, and contribute to more social cohesion. 
538 |a Mode of access: Internet 
650 7 |a Aggregate Factor Income Distribution  |2 imf 
830 0 |a Fiscal Monitor 
856 4 0 |z Full text available on IMF  |u http://elibrary.imf.org/view/books/089/29672-9781513571553-en/29672-9781513571553-en-book.xml  |z IMF e-Library